Score 0/23 Timer 06:00
0 Plays Today
% Correct
I’m her!
85.1%
tell Emma she was an accident
81.7%
Is she a pure breed or did you pick her up at the pound?
79.6%
dancing to the Chicago soundtrack
78.3%
if you know it through a wall, you know it too well
77.3%
it’s coming out all loud and squeaky
76.4%
I didn’t even have to ask you to call me that
75.7%
I really don’t!
75%
my father is a raging alcoholic
75%
What country did you get him from?
73.5%
Puerto Rican
71.9%
I’m still all those things!
70.5%
% Correct
florist
70.4%
I hate them
68.6%
I don’t have another level
67.6%
are we supposed to answer?
67.6%
or a realtor
66.2%
No, I do six things
64.3%
If she asks, I protested a little
63.9%
you never really liked Rachel
62.2%
Chandler loved it
57.1%
I get pedicures
50.3%
There’s a hair in my coffee
45.8%
Remove Ads.
Support Sporcle.
Get the best of Sporcle when you Go Orange. This ad-free experience offers more features, more stats, and more fun while also helping to support Sporcle. Thank you for becoming a member.

You're not logged in!

Compare scores with friends on all Sporcle quizzes.
OR
Log In

Show Comments

Extras

Top Quizzes Today


Score Distribution

Your Account Isn't Verified!

In order to create a playlist on Sporcle, you need to verify the email address you used during registration. Go to your Sporcle Settings to finish the process.

Report this User

Report this user for behavior that violates our Community Guidelines.

Details: